000 00515pam a2200205 i 4500
001 2772497
005 20180205074758.0
008 801024s1981 nju 000 0 eng
010 _a 80026197
020 _a0130187623 :
_c$18.95
040 _aDLC
_cDLC
_dDLC
041 _aeng
080 _a658.4 KOB
082 0 0 _a658.4 KOB
_219
100 1 _a54
101 _aMEN
245 1 4 _aThe aggressive management style /
_cNorman Kobert.
906 _a7
_bcbc
_corignew
_d1
_eocip
_f19
_gy-gencatlg
942 _2ddc
_cBK
999 _c41786
_d41786